| 000 | 01102nam a2200253Ia 4500 | ||
|---|---|---|---|
| 001 | 16352 | ||
| 003 | GE_BSU | ||
| 008 | 181216s||||||||xx |||||||||||||| ||und|| | ||
| 020 | _aISBN 978-9941-9205-2-3 | ||
| 040 | _cGE_BSU | ||
| 100 | _aნაჭყებია, გურამ | ||
| 245 | _aსისხლის სამართალი : ზოგადი ნაწილი | ||
| 245 | _bსახელმძღვ. | ||
| 245 | _cრედ.: ირაკლი დვალიძე, ზაურ ნაჭყებია | ||
| 260 | _aთბილისი | ||
| 260 | _bინოვაცია | ||
| 260 | _c2011 | ||
| 300 | _a448გვ; 20სმ | ||
| 300 | _bთავფურ. ავტ. მითით. არ არის. - ბიბლიოგრ. ტექსტ. შენიშვნ | ||
| 541 | _h14ლ. | ||
| 653 | _aსამართალი | ||
| 653 | _aსისხლის სამართალი - სახელმძღვანელოები უმაღლესი სასწავლებლებისათვის; | ||
| 942 | _cBK | ||
| 999 |
_c49429 _d49429 |
||